00607 a2200181 450000100060000002000180000604000220002410000280004624000360007424500310011030000080014136200090014965000230015894200070018195201130018895201070030199900170040856864 a9788508123636 cAnchieta - Pituba aGomes, Álvaro Cardoso10aAuto do busão do infernolpor10aAuto do busão do inferno a1510 a2009 4aLiteratura juvenil cBK 00104070a91.1b91.1d2023-11-21l0oLJ 028.5 G633a GOM AUTp6561/PITr2023-11-21 18:24:25w2023-11-21yBK 00102ddc4070a57.2b57.2d2024-05-23l0pnt876r2024-05-23 11:46:26w2024-05-23yBKzestante roxau c56864d56864